[Event "HUN-ch U14 Girls"]
[Site "Balatonlelle"]
[Date "2009.07.04"]
[Round "8"]
[White "Kabai, Zsuzsanna"]
[Black "Javorszky, Natasa"]
[Result "1-0"]
[WhiteElo "1956"]
[BlackElo "1523"]
[PlyCount "45"]
[EventDate "2009.06.27"]
[EventType "swiss"]
[EventRounds "9"]
[EventCountry "HUN"]
[SourceTitle "EXT 2011"]
[Source "ChessBase"]
[SourceDate "2010.11.26"]
[SourceVersion "1"]
[SourceVersionDate "2010.11.26"]
[SourceQuality "1"]

1. e4 c5 2. Nf3 e6 3. d4 cxd4 4. Nxd4 Nf6 5. Nc3 Bb4 6. e5 Ne4 7. Qg4 Nxc3 8. Qxg7 Rf8 9. a3 Qa5 10. Bh6 Be7 11. Nb3 Qc7 12. bxc3 Qxc3+ 13. Kd1 Nc6 14. Bd3 Nd4 15. Bd2 Qc6 16. Nxd4 Qd5 17. Nb5 Kd8 18. Bg5 Re8 19. Bxe7+ Rxe7 20. Qf8+ Re8 21. Qxe8+ Kxe8 22. Nc7+ Ke7 23. Nxd5+ 1-0

[Event "Nyiregyhaza op"]
[Site "Nyiregyhaza"]
[Date "2008.07.23"]
[Round "1"]
[White "Ress, Tamas"]
[Black "Javorszky, Natasa"]
[Result "1-0"]
[WhiteElo "2144"]
[BlackElo "1531"]
[PlyCount "89"]
[EventDate "2008.07.23"]
[EventType "swiss"]
[EventRounds "7"]
[EventCountry "HUN"]
[SourceTitle "EXT 2009"]
[Source "ChessBase"]
[SourceDate "2008.11.26"]
[SourceVersion "1"]
[SourceVersionDate "2008.11.26"]
[SourceQuality "1"]

1. d4 d5 2. c4 e5 3. dxe5 d4 4. Nf3 Nc6 5. g3 Bb4+ 6. Bd2 Bxd2+ 7. Nbxd2 Nge7 8. Nb3 Ng6 9. Nbxd4 Nxd4 10. Qxd4 Qxd4 11. Nxd4 Nxe5 12. Nb5 Rb8 13. b3 c6 14. Nd6+ Ke7 15. 0-0-0 Be6 16. h3 Rhd8 17. c5 b6 18. f4 Ng6 19. e4 bxc5 20. Nc4 Rxd1+ 21. Kxd1 Rd8+ 22. Kc2 Nf8 23. Ne5 Rd6 24. Ba6 Nd7 25. Nd3 f6 26. Re1 Kd8 27. g4 Kc7 28. f5 Bf7 29. e5 fxe5 30. Nxe5 Nxe5 31. Rxe5 Kb6 32. Re7 Bd5 33. Bd3 Bg2 34. h4 Bh3 35. Rxg7 Rh6 36. h5 Bxg4 37. Rxg4 Rxh5 38. Rf4 Rg5 39. Bc4 h5 40. f6 h4 41. f7 Rg2+ 42. Kc3 Rg3+ 43. Bd3 h3 44. f8Q h2 45. Qb8+ 1-0

[Event "Eger Tavasz op"]
[Site "Eger"]
[Date "2008.05.01"]
[Round "1"]
[White "Balogh, Pal"]
[Black "Javorszky, Natasa"]
[Result "1-0"]
[WhiteElo "2005"]
[BlackElo "1525"]
[PlyCount "58"]
[EventDate "2008.05.01"]
[EventType "swiss"]
[EventRounds "7"]
[EventCountry "HUN"]
[SourceTitle "EXT 2011"]
[Source "ChessBase"]
[SourceDate "2010.11.26"]
[SourceVersion "1"]
[SourceVersionDate "2010.11.26"]
[SourceQuality "1"]

1. e4 d5 2. exd5 Qxd5 3. Nf3 Nf6 4. Nc3 Qa5 5. Be2 Bg4 6. 0-0 Nc6 7. h3 Bh5 8. d3 e5 9. Bd2 0-0-0 10. a3 Qc5 11. b4 Qd6 12. Re1 Qe6 13. Ng5 Bxe2 14. Nxe6 Bxd1 15. Nxd8 Bxc2 16. Nxf7 Rg8 17. b5 Nd4 18. Nxe5 Bd6 19. f4 Nd7 20. Nxd7 Kxd7 21. Be3 Ne6 22. Re2 Bxd3 23. Rd2 Bf5 24. g4 Bg6 25. f5 Bxf5 26. gxf5 Nd8 27. Ne4 Re8 28. Nxd6 cxd6 29. Bxa7 Nf7 1-0